书目信息 |
| 题名: |
公路工程项目管理
|
|
| 作者: | 吴继锋 主编 | |
| 分册: | ||
| 出版信息: | 北京 人民交通出版社 2007.02 |
|
| 页数: | 241页 | |
| 开本: | 26cm | |
| 丛书名: | ||
| 单 册: | ||
| 中图分类: | U415.1 | |
| 科图分类: | ||
| 主题词: | 道路工程--dao lu gong cheng--项目管理--高等教育--教材 | |
| 电子资源: | ||
| ISBN: | 978-7-114-06419-7 | |
| 000 | 00937nam0 2200241 450 | |
| 001 | 012007034588 | |
| 005 | 20121016143220.53 | |
| 010 | @a978-7-114-06419-7@dCNY28.00 | |
| 100 | @a20071107d2007 km y0chiy0120 ea | |
| 101 | 0 | @achi |
| 102 | @aCN@b110000 | |
| 105 | @aa a 000yy | |
| 200 | 1 | @a公路工程项目管理@Agong lu gong cheng xiang mu guan li@f吴继锋主编@Fwu ji feng zhu bian |
| 210 | @a北京@c人民交通出版社@d2007.02 | |
| 215 | @a241页@c图@d26cm | |
| 300 | @a交通职业教育教学指导委员会推荐教材 高职高专院校高等级公路监理专业教学用书高等职业教育规划教材 | |
| 320 | @a有书目 (第241页)。 | |
| 330 | @a本书系统介绍了公路工程项目管理的概念,工程项目组织管理,工程项目进度、质量和成本控制,工程项目技术、合同和信息管理方面的基本内容。 | |
| 606 | 0 | @a道路工程@Adao lu gong cheng@x项目管理@x高等教育@j教材 |
| 690 | @aU415.1@v4 | |
| 701 | 0 | @a吴继锋@Awu ji feng@4主编 |
| 801 | 0 | @aCN@c20071107 |
| 905 | @b266143-45@dU415.1@eW801@f3 | |
| 公路工程项目管理/吴继锋主编.-北京:人民交通出版社,2007.02 |
| 241页:图;26cm |
| 交通职业教育教学指导委员会推荐教材 高职高专院校高等级公路监理专业教学用书高等职业教育规划教材 |
| ISBN 978-7-114-06419-7:CNY28.00 |
| 本书系统介绍了公路工程项目管理的概念,工程项目组织管理,工程项目进度、质量和成本控制,工程项目技术、合同和信息管理方面的基本内容。 |
| ● |
| 相关链接 |
|
|
|
正题名:公路工程项目管理
索取号:U415.1/W801
 
预约/预借
| 序号 | 登录号 | 条形码 | 馆藏地/架位号 | 状态 | 备注 |
| 1 | 266143 | 202661431 | 土木与交通工程学院资料室/土木与交通学院资料室 1排1列1层/ [索取号:U415.1/W801] | 在馆 | |
| 2 | 266144 | 202661440 | 土木与交通工程学院资料室/土木与交通学院资料室 1排1列1层/ [索取号:U415.1/W801] | 在馆 | |
| 3 | 266145 | 202661459 | 土木与交通工程学院资料室/土木与交通学院资料室 1排1列1层/ [索取号:U415.1/W801] | 在馆 | |
| 4 | 474833 | 204748336 | 自科二线504/504自科库 12排2列5层/ [索取号:U415.1/W801] | 在馆 | |
| 5 | 474834 | 204748345 | 自科二线504/504自科库 13排3列3层/ [索取号:U415.1/W801] | 在馆 | |
| 6 | 474835 | 204748354 | 自科二线504/504自科库 13排3列3层/ [索取号:U415.1/W801] | 在馆 | |
| 7 | 474836 | 204748363 | 自科库501/400A自科库 29排3列2层/ [索取号:U415.1/W801] | 在馆 | |
| 8 | 474837 | 204748372 | 自科库501/501自科库 82排1列4层/ [索取号:U415.1/W801] | 在馆 | |
| 9 | 474838 | 204748381 | 自科二线504/504自科库 13排3列3层/ [索取号:U415.1/W801] | 在馆 | |
| 10 | 474839 | 204748390 | 自科二线504/504自科库 13排3列3层/ [索取号:U415.1/W801] | 在馆 | |
| 11 | 474840 | 204748407 | 自科二线504/504自科库 13排3列3层/ [索取号:U415.1/W801] | 在馆 | |
| 12 | 475230 | 204752302 | 土木与交通工程学院资料室/土木与交通学院资料室 1排1列1层/ [索取号:U415.1/W801] | 在馆 | |
| 13 | 475354 | 204753542 | 土木与交通工程学院资料室/土木与交通学院资料室 1排1列1层/ [索取号:U415.1/W801] | 在馆 | |
| 14 | 488983 | 204889834 | 自科二线504/504自科库 23排2列5层/ [索取号:U415.1/W801] | 在馆 | |
| 15 | 488984 | 204889843 | 自科二线504/504自科库 23排2列6层/ [索取号:U415.1/W801] | 在馆 |